000 00318nam a22001457a 4500
003 SGT
020 _a81-317-1499-3
082 _a641.874
_bH07S
100 _aSCHMID, ALBERT.W.A
245 _aTHE HOSPITALITY MANAGER'S
260 _aNEW DELHI
_bPEARSON
_c2007
300 _a304
650 _aPHARMACY
942 _2ddc
_cBK
999 _c11209
_d11209